<?xml version="1.0" encoding="UTF-8"?>
<record
    xmlns:xsi="http://www.w3.org/2001/XMLSchema-instance"
    xsi:schemaLocation="http://www.loc.gov/MARC21/slim http://www.loc.gov/standards/marcxml/schema/MARC21slim.xsd"
    xmlns="http://www.loc.gov/MARC21/slim">

  <leader>01743nam a2200265 a 4500</leader>
  <controlfield tag="001">000023899</controlfield>
  <controlfield tag="005">20260420170825.0</controlfield>
  <controlfield tag="008">100922s2010    dr ac   r     000 0 spa d</controlfield>
  <datafield tag="040" ind1=" " ind2=" ">
    <subfield code="a">DO-SdBNP</subfield>
    <subfield code="b">spa</subfield>
    <subfield code="c">BNPHU</subfield>
  </datafield>
  <datafield tag="082" ind1=" " ind2=" ">
    <subfield code="a">301</subfield>
    <subfield code="b">M385n, 2010</subfield>
  </datafield>
  <datafield tag="100" ind1="1" ind2=" ">
    <subfield code="a">Mart&#xED;nez Almanzar, Juan Francisco</subfield>
    <subfield code="d">1950 -</subfield>
    <subfield code="9">10459</subfield>
  </datafield>
  <datafield tag="245" ind1="1" ind2="0">
    <subfield code="a">Nociones de sociolog&#xED;a general y jur&#xED;dica /</subfield>
    <subfield code="c">Juan Francisco Mart&#xED;nez Alm&#xE1;nzar.</subfield>
  </datafield>
  <datafield tag="260" ind1=" " ind2=" ">
    <subfield code="a">Santo Domingo :</subfield>
    <subfield code="b">CAIS,</subfield>
    <subfield code="c">2010.</subfield>
  </datafield>
  <datafield tag="300" ind1=" " ind2=" ">
    <subfield code="a">390 p. :</subfield>
    <subfield code="b">il. ;</subfield>
    <subfield code="c">21 cm.</subfield>
  </datafield>
  <datafield tag="500" ind1=" " ind2=" ">
    <subfield code="a">Incluye datos biogr&#xE1;ficos del autor en la solapa de la cubierta.</subfield>
  </datafield>
  <datafield tag="504" ind1=" " ind2=" ">
    <subfield code="a">Bibliograf&#xED;a : p. 390-392.</subfield>
  </datafield>
  <datafield tag="505" ind1="0" ind2=" ">
    <subfield code="g">Prefacio --</subfield>
    <subfield code="t">Ciencias, conocimientos y ciencias sociales --</subfield>
    <subfield code="t">Sociedad y sociolog&#xED;a --</subfield>
    <subfield code="t">Los inicios de la sociolog&#xED;a jur&#xED;dica --</subfield>
    <subfield code="t">La sociolog&#xED;a jur&#xED;dica y el derecho --</subfield>
    <subfield code="t">Juristas, soci&#xF3;logos, raz&#xF3;n y sanciones --</subfield>
    <subfield code="t">M&#xE9;todos y t&#xE9;cnicas de investigaci&#xF3;n en sociolog&#xED;a jur&#xED;dica --</subfield>
    <subfield code="t">Los aportes a la sociolog&#xED;a jur&#xED;dica de las distintas corrientes y escuelas del pensamiento social --</subfield>
    <subfield code="t">Accion social, cambio social y desviaci&#xF3;n social --</subfield>
    <subfield code="t">Cultura, grupos sociales y comportamiento colectivo --</subfield>
    <subfield code="t">La familia, el matrimonio y divorcio --</subfield>
    <subfield code="t">La sociolog&#xED;a jur&#xED;dica y los tipos de estructuras --</subfield>
    <subfield code="t">Derecho, neoliberalismo y globalizaci&#xF3;n --</subfield>
    <subfield code="t">La naci&#xF3;n dominicana y reformas constitucionales --</subfield>
    <subfield code="t">Los procesos pol&#xED;ticos (1961-2008) --</subfield>
    <subfield code="g">Bibliograf&#xED;a.</subfield>
  </datafield>
  <datafield tag="590" ind1=" " ind2=" ">
    <subfield code="a">Inventariado, 2018/VM</subfield>
  </datafield>
  <datafield tag="650" ind1=" " ind2="0">
    <subfield code="a">Jurisprudencia sociol&#xF3;gica</subfield>
    <subfield code="9">4071</subfield>
  </datafield>
  <datafield tag="650" ind1=" " ind2="4">
    <subfield code="a">Sociolog&#xED;a</subfield>
    <subfield code="x">Ensayos, conferencias, etc.</subfield>
    <subfield code="9">24199</subfield>
  </datafield>
  <datafield tag="650" ind1=" " ind2="0">
    <subfield code="a">Ciencias sociales</subfield>
    <subfield code="9">1065</subfield>
  </datafield>
  <datafield tag="650" ind1=" " ind2="4">
    <subfield code="a">Investigaciones</subfield>
    <subfield code="x">Metodolog&#xED;a</subfield>
    <subfield code="9">37127</subfield>
  </datafield>
  <datafield tag="710" ind1="1" ind2="0">
    <subfield code="a">Centro de Adiestramiento e Investigaci&#xF3;n social</subfield>
    <subfield code="9">49160</subfield>
  </datafield>
  <datafield tag="910" ind1=" " ind2=" ">
    <subfield code="a">Validado. Control de calidad. EMS</subfield>
  </datafield>
  <datafield tag="952" ind1=" " ind2=" ">
    <subfield code="0">0</subfield>
    <subfield code="1">0</subfield>
    <subfield code="5">4</subfield>
    <subfield code="7">0</subfield>
    <subfield code="8">DS</subfield>
    <subfield code="a">GR</subfield>
    <subfield code="b">GR</subfield>
    <subfield code="c">HD</subfield>
    <subfield code="d">2011-01-17</subfield>
    <subfield code="i">LF1</subfield>
    <subfield code="l">0</subfield>
    <subfield code="o">301 M385n, 2010</subfield>
    <subfield code="p">23899-30</subfield>
    <subfield code="r">2020-06-25</subfield>
    <subfield code="t">e. 3</subfield>
    <subfield code="w">2020-06-25</subfield>
    <subfield code="y">LFDS</subfield>
    <subfield code="Z">Pr&#xE9;stamo en sala</subfield>
  </datafield>
  <datafield tag="952" ind1=" " ind2=" ">
    <subfield code="0">0</subfield>
    <subfield code="1">0</subfield>
    <subfield code="7">1</subfield>
    <subfield code="8">PD</subfield>
    <subfield code="a">PD</subfield>
    <subfield code="b">PD</subfield>
    <subfield code="c">HD</subfield>
    <subfield code="d">2011-01-17</subfield>
    <subfield code="i">LF1</subfield>
    <subfield code="l">0</subfield>
    <subfield code="o">301 M385n, 2010</subfield>
    <subfield code="p">23899-10</subfield>
    <subfield code="r">2020-06-25</subfield>
    <subfield code="w">2020-06-25</subfield>
    <subfield code="y">LFPD</subfield>
    <subfield code="Z">No se presta</subfield>
  </datafield>
  <datafield tag="952" ind1=" " ind2=" ">
    <subfield code="0">0</subfield>
    <subfield code="1">0</subfield>
    <subfield code="7">1</subfield>
    <subfield code="8">PD</subfield>
    <subfield code="a">PD</subfield>
    <subfield code="b">PD</subfield>
    <subfield code="c">HD</subfield>
    <subfield code="d">2011-01-17</subfield>
    <subfield code="i">LF1</subfield>
    <subfield code="l">0</subfield>
    <subfield code="o">301 M385n, 2010</subfield>
    <subfield code="p">23899-20</subfield>
    <subfield code="r">2020-06-25</subfield>
    <subfield code="t">e. 2</subfield>
    <subfield code="w">2020-06-25</subfield>
    <subfield code="y">LFPD</subfield>
    <subfield code="Z">No se presta</subfield>
  </datafield>
  <datafield tag="999" ind1=" " ind2=" ">
    <subfield code="c">23395</subfield>
    <subfield code="d">23395</subfield>
  </datafield>
</record>
